<?xml version="1.0" encoding="UTF-8"?>
<collection xmlns="http://www.loc.gov/MARC21/slim">
 <record>
  <leader>01280nam a22002417a 4500</leader>
  <controlfield tag="001">NCT_57297</controlfield>
  <controlfield tag="008">190112b        xxu||||| |||| 00| 0 vie d</controlfield>
  <datafield tag="999" ind1=" " ind2=" ">
   <subfield code="c">2768</subfield>
   <subfield code="d">2768</subfield>
  </datafield>
  <datafield tag="020" ind1=" " ind2=" ">
   <subfield code="a">9786047918430</subfield>
   <subfield code="c">85000</subfield>
  </datafield>
  <datafield tag="082" ind1="0" ind2="4">
   <subfield code="2">23rd ed.</subfield>
   <subfield code="a">330.015195</subfield>
   <subfield code="b">H450</subfield>
  </datafield>
  <datafield tag="100" ind1="1" ind2=" ">
   <subfield code="a">Đinh Phi Hổ</subfield>
   <subfield code="e">Chủ biên</subfield>
  </datafield>
  <datafield tag="245" ind1="1" ind2="0">
   <subfield code="a">Thống kê ứng dụng trong kinh doanh</subfield>
   <subfield code="c">Đinh Phi Hổ (Chủ biên); Võ Thị Lan, Nguyễn Duy Ngọc Phương, Hà Văn Sơn</subfield>
  </datafield>
  <datafield tag="260" ind1=" " ind2=" ">
   <subfield code="a">H.</subfield>
   <subfield code="b">Tài chính</subfield>
   <subfield code="c">2018</subfield>
  </datafield>
  <datafield tag="300" ind1=" " ind2=" ">
   <subfield code="a">307 tr.</subfield>
   <subfield code="b">Bảng</subfield>
   <subfield code="c">24cm</subfield>
  </datafield>
  <datafield tag="520" ind1="3" ind2=" ">
   <subfield code="a">Sách tổng quan về thống kê, điều tra chọn mẫu và phương pháp chọn mẫu, trình bày dữ liệu bằng bảng và biểu đồ....</subfield>
  </datafield>
  <datafield tag="653" ind1=" " ind2=" ">
   <subfield code="a">Quản trị kinh doanh</subfield>
  </datafield>
  <datafield tag="700" ind1="1" ind2=" ">
   <subfield code="a">Võ Thị Lan</subfield>
  </datafield>
  <datafield tag="700" ind1="1" ind2=" ">
   <subfield code="a">Nguyễn Duy Ngọc Phương</subfield>
  </datafield>
  <datafield tag="700" ind1="1" ind2=" ">
   <subfield code="a">Hà Văn Sơn</subfield>
  </datafield>
  <datafield tag="942" ind1=" " ind2=" ">
   <subfield code="2">ddc</subfield>
   <subfield code="c">BK</subfield>
  </datafield>
  <datafield tag="952" ind1=" " ind2=" ">
   <subfield code="0">0</subfield>
   <subfield code="1">0</subfield>
   <subfield code="2">ddc</subfield>
   <subfield code="4">0</subfield>
   <subfield code="6">330_015195000000000_H450</subfield>
   <subfield code="7">0</subfield>
   <subfield code="9">15194</subfield>
   <subfield code="a">000001</subfield>
   <subfield code="b">000001</subfield>
   <subfield code="d">2019-01-12</subfield>
   <subfield code="l">1</subfield>
   <subfield code="o">330.015195 H450</subfield>
   <subfield code="p">MD.14093</subfield>
   <subfield code="r">2019-05-06</subfield>
   <subfield code="s">2019-04-22</subfield>
   <subfield code="v">85000.00</subfield>
   <subfield code="w">2019-01-12</subfield>
   <subfield code="y">BK</subfield>
  </datafield>
  <datafield tag="952" ind1=" " ind2=" ">
   <subfield code="0">0</subfield>
   <subfield code="1">0</subfield>
   <subfield code="2">ddc</subfield>
   <subfield code="4">0</subfield>
   <subfield code="6">330_015195000000000_H450</subfield>
   <subfield code="7">0</subfield>
   <subfield code="9">15195</subfield>
   <subfield code="a">000001</subfield>
   <subfield code="b">000001</subfield>
   <subfield code="d">2019-01-12</subfield>
   <subfield code="o">330.015195 H450</subfield>
   <subfield code="p">MD.14094</subfield>
   <subfield code="r">2019-01-12</subfield>
   <subfield code="v">85000.00</subfield>
   <subfield code="w">2019-01-12</subfield>
   <subfield code="y">BK</subfield>
  </datafield>
  <datafield tag="980" ind1=" " ind2=" ">
   <subfield code="a">Thư viện Trường Đại học Nam Cần Thơ</subfield>
  </datafield>
 </record>
</collection>
